crushing - sombr (lyrics) - Statistics

General Stats
  • This quiz has been taken 37 times
    22 since last reset
  • The average score is 250 of 299
Answer Stats
Hint Answer % Correct
a
100%
crushing
100%
days
100%
Chorus | Verse 1 I
100%
love
100%
miss
100%
someone
100%
the
100%
we
100%
we're
100%
were
100%
when
100%
you
100%
You
100%
your
100%
another
93%
each
93%
just
93%
lover
93%
never
93%
Now
93%
now
93%
on
93%
other
93%
recover
93%
you're
93%
and
87%
And
87%
closing,
87%
could
87%
do
87%
door
87%
hold
87%
I'll
87%
my
87%
soul,
87%
want
87%
be
80%
Because
80%
because
80%
but
80%
But
80%
cat
80%
different
80%
face
80%
from
80%
guy?
80%
in
80%
In
80%
keep
80%
mouse
80%
open
80%
see
80%
that
80%
then
80%
times
80%
to
80%
what
80%
Bridge What
80%
catch
73%
corner
73%
He
73%
if
73%
I'm
73%
know
73%
left
73%
lives
73%
me
73%
more
73%
morning
73%
our
73%
place
73%
think
73%
thinking
73%
tired
73%
acting
67%
at
67%
been
67%
boring
67%
'bout
67%
bumped
67%
chore
67%
courthouse
67%
don't
67%
eyes
67%
house
67%
into
67%
like
67%
of
67%
taste
67%
there
67%
this
67%
up
67%
ya
67%
yeah
67%
about
60%
crying
60%
drunk
60%
feel
60%
it
60%
I've
60%
leave
60%
shove
60%
store
60%
walking
60%
becomes
53%
'Cause
53%
crazy
53%
looks
53%
Madonna,
53%
mind
53%
mother's
53%
past
53%
picks
53%
Sometimes,
53%
these,
53%
things
53%
all
47%
alternate
47%
apologizes
47%
for
47%
he's
47%
living
47%
night
47%
picking
47%
gone,
40%
I'd
40%
outlived
33%
No matching quizzes found
Score Distribution
Percent of People with Each Score
Percentile by Number Answered
Your Score History
You have not taken this quiz since the last reset